00354nam a22001457a 4500003000400000020001800004082001600022100002000038245005600058250001900114260001900133300000800152650002400160653002400184SGT a9788131253458 a617.6bS19G aGopikrishna, V. aSturdevant's Art and Science of Operative Dentistry a2nd South Asia bElsevierc2019 a702 aOperative Dentistry aOperative Dentistry